000 00730nam a2200241 i 4500
001 bg
100 1 _aDOLIŃSKI, Jarosław
245 1 0 _aMikrokontrolery AVR w praktyce /
_cJarosław Doliński.
260 _aWarszawa :
_b"BTC",
_c2003.
300 _a452 s. :
_bil. ;
_c24 cm.
500 _aNa okł. podtyt.: architektura, programowanie, narzędzia, aplikacje.
504 _aIndeks.
650 9 _aMikrokontrolery
655 _aPodręczniki
020 _a839100676X
040 _cBPK
041 0 _apol
080 _a004.31:621.3.049.77](07)
920 _a83-910067-6-X
942 _cKS
008 s pl f |000 0 pol
999 _c44174
_d44174
856 _uhttp://koha.tu.koszalin.pl/cgi-bin/koha/opac-detail.pl?biblionumber=44174
_yKatalog online BPK